000 00607nam a22001577a 4500
005 20241125112652.0
008 241125b |||||||| |||| 00| 0 eng d
082 _a759.95491
_bALI-P
100 _aAli Abbas Syed
245 _aPearls of Peace through watercolor :
_b1st International watercolor biennale Pakistan 2016 ;
_cOrgannized by IWS--Pakistan, centre of excellence in art and design MUET, Jamshoro;
260 _aPakistan :
_bCentre of Excellence in Art & Design, MUET ;
_c2016 .
300 _a204 p. :
_bill ;
_c28cm.
500 _aInclude Index.
650 _aArt & Design / Painting
999 _c36791
_d36791